RANKING KLUBOWY UEFA - Statystyki

Ogólne statystyki
  • Ten quiz został rozwiązany 97 razy
  • Średni wynik to 22 z 30
Statystyki odpowiedzi
Hint Odpowiedź % Poprawnych
GER Bayern
99%
FRA PSG
99%
ESP Real Madryt
99%
ENG Manchester City
98%
ENG Manchester United
98%
ESP FC Barcelona
97%
ITA Juventus
97%
ENG Chelsea
95%
NED Ajax
93%
ENG Liverpool
93%
ESP Atletico
90%
GER Borussia Dortmund
90%
ITA Napoli
86%
ENG Arsenal
84%
ITA Inter Mediolan
84%
ESP Sevilla
78%
POR Porto
76%
POR Benfica
75%
ENG Tottenham
74%
ITA AS Roma
64%
GER RB Lipsk
61%
UKR Szachtar
58%
ESP Villarreal
58%
CRO Dinamo Zagrzeb
55%
GER Bayer Leverkusen
52%
ITA Atalanta
45%
AUT Salzburg
39%
FRA Olympique Lyon
38%
SCO Glasgow Rangers
36%
GER Eintracht Frankfurt
34%
Nie znaleziono quizów pasujących do podanych kryteriów
Rozkład punktacji
Procent ludzi z każdym wynikiem
Percentyl według liczby udzielonych odpowiedzi
Twoja historia wyników
Nie rozwiązałeś tego quizu